100 Favourite Albums (01/26) - Statistics

Statistiche generali
  • Questo quiz è stato fatto 6 volte
  • Il punteggio medio è 47 su 100
Statistiche sulle risposte
Rank Name anno Genre Risposta % Corretto
94 Dalla 1980 Pop Lucio Dalla
80%
34 Wish You Were Here 1975 Prog Rock Pink Floyd
80%
67 Toxicity 2001 Alt Metal System of a Down
80%
84 Mezmerize 2005 Alt Metal System of a Down
80%
87 System of a Down 1998 Nu Metal System of a Down
80%
89 Heaven of Las Vegas 1990 Dream Pop Cocteau Twins
60%
88 Animals 1977 Prog Rock David Bowie
60%
9 Images and Words 1992 Prog Metal Dream Theater
60%
12 A View from the Top of the World 2021 Prog Metal Dream Theater
60%
26 Six Degrees of Inner Turbulence 2002 Prog Metal Dream Theater
60%
40 Parasomnia 2025 Prog Metal Dream Theater
60%
50 Systematic Chaos 2007 Prog Metal Dream Theater
60%
55 Metropolis pt.2: Scenes From a Memory 1999 Prog Metal Dream Theater
60%
65 The Astonishing 2016 Prog Metal Dream Theater
60%
2 Selling England by the Pound 1973 Prog Rock Genesis
60%
13 Duke 1980 Prog Pop Genesis
60%
15 Foxtrot 1972 Prog Rock Genesis
60%
21 The Lamb Lies Down on Broadway 1974 Prog Rock Genesis
60%
31 A Trick of the Tail 1976 Prog Rock Genesis
60%
80 Wind and Wuthering 1976 Prog Rock Genesis
60%
4 Discipline 1981 Prog Rock King Crimson
60%
30 Red 1974 Prog Rock King Crimson
60%
39 In the Court of the Crimson King 1969 Prog Rock King Crimson
60%
46 Beat 1982 New Wave King Crimson
60%
51 The Power to Believe 2003 Prog Metal King Crimson
60%
61 Three of a Perfect Pair 1984 New Wave King Crimson
60%
74 Hushed and Grim 2021 Prog Metal Mastodon
60%
64 Canzoni dell'appartamento 2003 Chamber Pop Morgan
60%
5 Kid A 2000 Electronic Rock Radiohead
60%
11 Ok Computer 1997 Alternative Rock Radiohead
60%
17 Amnesiac 2001 Art Rock Radiohead
60%
25 A Moon Shaped Pool 2016 Alternative Rock Radiohead
60%
49 The King of Limbs 2011 Alternative Pop Radiohead
60%
56 Hail to the Thief 2003 Alt Rock Radiohead
60%
68 The Bends 1995 Alt Rock Radiohead
60%
16 Close to the Edge 1972 Prog Rock Yes
60%
100 Drama 1980 Prog Rock Yes
60%
19 Nucleus 1995 Prog Rock Anekdoten
40%
24 Gravity 2003 Prog Rock Anekdoten
40%
35 Vemod 1993 Prog Rock Anekdoten
40%
54 A Time of Day 2007 Prog Rock Anekdoten
40%
82 From Within 1999 Prog Rock Anekdoten
40%
85 Until All the Ghosts are Gone 2015 Prog Rock Anekdoten
40%
43 Life is But a Dream... 2023 Prog Metal Avenged Sevenfold
40%
76 The Stage 2016 Prog Metal Avenged Sevenfold
40%
97 Nightmare 2010 Heavy Metal Avenged Sevenfold
40%
10 Colors II 2021 Prog Metal Between the Buried and me
40%
6 Homogenic 1997 Avant Pop Bjork
40%
29 Hellfire 2022 Brutal Prog Black Midi
40%
48 For Emma, Forever Ago 2007 Indie Folk Bon Iver
40%
60 22, a Million 2016 Folktronica Bon Iver
40%
3 A Little Man and a House and the Whole World Window 1988 Prog Punk Cardiacs
40%
58 Twin Fantasy 2018 Indie Rock Car Seat Headrest
40%
18 Mylo Xyloto 2011 Pop Coldplay
40%
47 Parachutes 2000 Pop Rock Coldplay
40%
98 A Rush of Blood to the Head 2002 Pop Rock Coldplay
40%
90 Disintegration 1989 Gothic Rock Cure
40%
7 Kindly Bent to Free Us 2014 Prog Metal Cynic
40%
44 Focus 1993 Prog Death Cynic
40%
78 Traced in Air 2008 Prog Metal Cynic
40%
69 Romance 2024 Indie Rock Fountaines D.C.
40%
83 Where We've Been, Where We Go From Here 2024 Alt Rock Friko
40%
86 The New Sound 2024 Experimental Geordie Greep
40%
27 Affinity 2016 Prog Metal Haken
40%
41 Fauna 2023 Prog Metal Haken
40%
33 The Mountain 2013 Prog Metal Haken
40%
36 DIE 2015 Electronic Rock Iosonouncane
40%
91 Norman Fucking Rockwell! 2019 Pop Lana del Rey
40%
1 Imaginal Disk 2024 Synth Pop Magdalena Bay
40%
95 Absolution 2003 Alt Rock Muse
40%
42 In Absentia 2002 Prog Metal Porcupine Tree
40%
59 Deadwing 2005 Prog Metal Porcupine Tree
40%
63 The Sky Moves Sideways 1995 Prog Rock Porcupine Tree
40%
70 Up the Downstair 1993 Psychedelic Rock Porcupine Tree
40%
71 Lightbulb Sun 2000 Alt Rock Porcupine Tree
40%
22 Pork Soda 1993 Alt Metal Primus
40%
28 The Desaturating Seven 2017 Prog Rock Primus
40%
45 Brown Album 1997 Psych Metal Primus
40%
57 Sailing the Seas of Chease 1991 Alt Metal Primus
40%
38 The Art of Navigating by the Stars 2005 Prog Metal Sieges Even
40%
37 Spiderland 1991 Post Rock Slint
40%
8 The Raven That Refused to Sing (and other stories) 2013 Prog Rock Steven Wilson
40%
20 Hand Cannot Erase 2015 Prog Rock Steven Wilson
40%
32 The Overview 2025 Prog Rock Steven Wilson
40%
52 Grace for Drowning 2011 Prog Rock Steven Wilson
40%
62 The Future Bites 2021 Synth Pop Steven Wilson
40%
66 Insurgentes 2008 Post Prog Steven Wilson
40%
14 Masseduction 2017 Alternative Pop St. Vincent
40%
23 All Born Screaming 2024 Indie Rock St. Vincent
40%
79 Pelagial 2013 Prog Metal The Ocean
40%
96 Phanerozoic II: Mesozoic / Cenozoic 2020 Post Metal The Ocean
40%
75 Cutouts 2024 Art Rock The Smile
40%
81 A Light for Attracting Attention 2022 Art Rock The Smile
40%
77 Strangeways, Here We Come 1987 Post Punk The Smiths
40%
72 The Eraser 2006 Electronic Thom Yorke
40%
92 Transatlanticism 2003 Indie Rock Death Cab for Cutie
20%
53 Misplaced Childhood 1985 Neo Prog Marillion
20%
99 In the Passing Light of Day 2017 Prog Metal Pain of Salvation
20%
73 Love, Fear and the Time Machine 2015 Prog Rock Riverside
20%
93 Act IV: Rebirth in Reprise 2015 Indie Rock The Dear Hunter
20%
Nessun quiz corrispondente trovato
Distribuzione punteggi
Percentuale di utenti per punteggio
Percentile per numero di risposta
I tuoi punteggi nel tempo
Non hai fatto questo quiz